000 00909nam a2200241Ia 4500
003 OSt
005 20220923213342.0
006 a|||||r|||| 00| 0
007 ta
008 220922b |||||||| |||| 00| 0 hin d
024 _a161,034
037 _cTextual
040 _aARTS
_cARTS
_bhin
041 _2hin
_ahin
082 _aO152,30v5,3:g, K5
100 _aगुप्त, शान्ति स्वरूप
_9157686
245 0 _aहिन्दी तथा मराठी उपन्यासों का तुलनात्मक अध्ययन 19 -195 ई
246 _aHindī tathā marāṭhī upanyāsoan kā tulanātmak adhyayan 1900-1950 ī0
260 _c1965
650 _aहिन्दी साहित्य
_9156264
942 _hO152,30v5,3:g, K5
_cTEXL
_2CC
999 _c315706
_d315706